MARC

LEADER 00000nam0a2200000 4500
001 36307
005 20231031001634.0
035 |a (RuTPU)RU\TPU\book\36777 
035 |a BOOK00003429 
090 |a 36307 
100 |a 20011210d1987 km y0rusy50 ca 
101 0 |a rus 
102 |a RU 
105 |a a z 000zy 
200 1 |a Термоэлектрические генераторы с ядерными источниками теплоты  |f А. А. Саркисов, В. А. Якимов, Е. П. Каплар 
210 |a Москва  |c Энергоатомиздат  |d 1987 
215 |a 208 с. 
610 1 |a генераторы термоэлектрические 
610 1 |a теплота 
610 1 |a ядерные источники 
610 1 |a конструкции 
610 1 |a теория 
675 |a 621.362  |v 3 
700 1 |a Саркисов  |b А. А.  |g Ашот Аракелович 
701 1 |a Якимов  |b В. А.  |g Владислав Алексеевич 
701 1 |a Каплар  |b Е. П.  |g Евгений Петрович 
801 0 |a RU  |b 63413507  |c 20011210  |g PSBO 
801 2 |a RU  |b 63413507  |c 20150502  |g PSBO 
900 |a Физические методы анализа 
942 |c BK